| 000 | 01321cam a2200385 a 4500 | ||
|---|---|---|---|
| 001 | 1600744 | ||
| 003 | OSt | ||
| 005 | 20140310182656.0 | ||
| 008 | 940105s1993 nyu 000 0 eng d | ||
| 010 | _a 94101574 | ||
| 020 |
_a0553297538 : _c$4.99 |
||
| 035 | _a(OCoLC)28918823 | ||
| 040 |
_aCSj _cCSj _dNcFayC _dDLC |
||
| 042 | _alccopycat | ||
| 050 | 0 | 0 |
_aBF 697.5 _b.B817 1993 |
| 082 | 0 | 0 |
_aM 158.1 _bB73 1993 |
| 100 | 1 | _aBranden, Nathaniel. | |
| 240 | 1 | 0 | _aTo see what I see and know what I know. |
| 245 | 1 | 4 |
_aThe art of self-discovery _cBranden, Nathaniel |
| 260 |
_aNew York, N.Y. _bBantam Books _cc1993 |
||
| 300 |
_a180 p. ; _c18 cm. |
||
| 500 | _aCover subtitle: A powerful technique for building self-esteem. | ||
| 500 | _aOriginally published as: To see what I see and know what I know, 1986. | ||
| 504 | _aIncludes bibliographical references (p. 175-180). | ||
| 521 | _ahigh school to college student | ||
| 526 | _c0L to 1700L | ||
| 541 | _j1 | ||
| 562 | _e1 | ||
| 650 | 0 |
_aSelf-perception _xProblems, exercises, etc. |
|
| 650 | 0 | _aSentence Completion Test. | |
| 740 | 0 | _aTo see what I see and know what I know. | |
| 906 |
_a7 _bcbc _ccopycat _d3 _encip _f19 _gy-gencatlg |
||
| 942 |
_2lcc _cBK _kM |
||
| 999 |
_c15119 _d15119 |
||